Statistics for Middle East Geography A-Z

Click here to take the quiz!

General Stats

  • This quiz has been taken 182 times
  • The average score is 22 of 26

Answer Stats

HintAnswer% Correct
AMost spoken languageArabic
100%
MIslam's holiest cityMecca
100%
CIsland country in the MediterraneanCyprus
99%
KCountry invaded by Iraq in 1990Kuwait
99%
JCity considered holy by three major religionsJerusalem
98%
OCountry ruled by a sultanOman
97%
QCountry on the aboveQatar
97%
UCountry where Dubai is locatedUnited Arab Emirates
97%
GThe smaller of the Palestinian territoriesGaza Strip
95%
HOne of Israel's official languagesHebrew
95%
ICapital city of PakistanIslamabad
95%
POil-rich gulf between Iran and the Arabian PeninsulaPersian Gulf
95%
RSea separating Africa and AsiaRed Sea
95%
EOne of the two great rivers of Mesopotamia (the other is T)Euphrates
93%
SCanal between the above and the Mediterranean SeaSuez Canal
93%
DSalt lake with the world's lowest elevation on landDead Sea
92%
TOne of the two great rivers of Mesopotamia (the other being E)Tigris
92%
YMountainous country in the south of ArabiaYemen
90%
WThe larger of the Palestinian territoriesWest Bank
87%
BLargest city in the world for five centuriesBaghdad
82%
LEgyptian city, the site of ancient ThebesLuxor
79%
FFried chickpea balls, now a popular street food worldwideFalafel
78%
XPersian king who had the Dardanelles whipped; famously invaded Greece.Xerxes
69%
ZAncient Iranian religion still practised by several thousand peopleZoroastrianism
48%
VLake in Turkey, largest in Western Asia (after the Caspian Sea)Lake Van
33%
NArtificial lake on the Nile River; 6th largest reservoir in the worldLake Nasser
27%

Score Distribution

Percentile by Number Answered

Percent of People with Each Score

Your Score History

You have not taken this quiz